000 00986nmc a2200337 a 4500
003 AR-BaBNM
005 20251128205054.0
008 206019s1989 ||||||||||||||000 | spa||
020 _a950-582-260-5
040 _cAR-BaBNM
100 1 _aMartin, Magdalena Noemí
245 1 0 _aPobreza y escolaridad en América Latina
260 _aBuenos Aires
_bHumanitas
_c1989
300 0 _a65 p.
_bil., tablas
490 0 _aDesarrollo social
504 _aContiene bibliografía en notas al final de cada capítulo
650 4 _aPOBREZA
650 4 _aESCUELAS URBANAS
650 4 _aMARGINALIDAD SOCIAL
650 4 _aRELACION FAMILIA-ESCUELA
650 4 _aRELACION ESCUELA-COMUNIDAD
650 4 _aTRABAJO DE MENORES
651 4 _aAmérica Latina
653 0 _aEDUCACION PRIMARIA
653 0 _aMARGINACION EDUCATIVA
653 0 _aZONAS URBANO-MARGINALES
700 1 _aVega, Inés Viviana
800 1 _aSierra de Villaverde, Sela
_edirector
942 _cBK
998 _cSILVI
999 _c9871
_d9871